भारत की प्रेरक विभूतियाँ (Record no. 1519)

MARC details
000 -LEADER
fixed length control field 01208 a2200241 4500
005 - DATE AND TIME OF LATEST TRANSACTION
control field 20080909153620.0
008 - FIXED-LENGTH DATA ELEMENTS--GENERAL INFORMATION
fixed length control field 080909t xxu||||| |||| 00| 0 hin d
010 ## - LCCN (DPL NO)
LC control number HIN-79307
020 ## - INTERNATIONAL STANDARD BOOK NUMBER
Terms of availability 175.00
International Standard Book Number 8189679023
035 ## - SYSTEM CONTROL NUMBER
System control number HN-51653
035 ## - SYSTEM CONTROL NUMBER
System control number B-317858
037 ## - SOURCE OF ACQUISITION
Source of stock number/acquisition D.B.Act / pub
082 ## - DEWEY DECIMAL CLASSIFICATION NUMBER
Classification number 920
100 ## - MAIN ENTRY--PERSONAL NAME
Personal name कमलेश कुमार गुप्ता
245 ## - TITLE STATEMENT
Title भारत की प्रेरक विभूतियाँ
Statement of responsibility, etc कमलेश कुमार गुप्ता
246 ## - VARYING FORM OF TITLE
Title proper/short title Bharat ki Prerak Vibhutiyan
Remainder of title by Kamalsh Kumar Gupta
260 ## - PUBLICATION, DISTRIBUTION, ETC. (IMPRINT)
Place of publication, distribution, etc जयपुर
Name of publisher, distributor, etc सुरेश बुक डिपो
Date of publication, distribution, etc 2006
270 ## - ADDRESS
Address गोपालजी का रास्ता
City जयपुर
300 ## - PHYSICAL DESCRIPTION
Extent 156पृ
Dimensions 22 सेमी (सजिल्द)
942 ## - ADDED ENTRY ELEMENTS (KOHA)
Institution code [OBSOLETE] dpl
Item type Hindi Books
Call number prefix 920 / कमले
Source of classification or shelving scheme Dewey Decimal Classification
Classification part 920
Call number suffix कमले
Holdings
Withdrawn status Lost status Source of classification or shelving scheme Damaged status Not for loan Home library Current library Date acquired Cost, normal purchase price Total Checkouts Full call number Barcode Date last seen Copy number Cost, replacement price Koha item type Collection code Source of acquisition
    Dewey Decimal Classification     D.B.Act.Division D.B.Act.Division 09/09/2008 175.00   920 कमले HN-51653 15/09/2008 1 175.00 Hindi Books    
    Dewey Decimal Classification     Vinoba Puri Vinoba Puri 09/03/2009 175.00 6 920 कमले B-317858 16/12/2013 1 175.00 Hindi Books Non-fiction dbad / dup

© Delhi Public Library
Hit Counter
free hit counter